000 01423nam a2200241Ia 4500
999 _c56330
_d56330
001 23443
003 GE_BSU
005 20260122153201.0
008 181216s1990||||ge |||||||||||||| ||geo||
040 _cGE_BSU
041 _ageo
080 _a94(479.22) ს-32
245 _aსაქართველოს ისტორია :
_bსაკითხავი წიგნი /
_cშედგენილი ს. ჯანაშიასა და ნ. ბერძენიშვილის რედაქციით გამოქვეყნებული სახელმძღვანელოების მიხედვით ; შემდგენელ-რედაქტორი გიორგი მელიქიშვილი.
250 _aმეორე გამოცემა
264 _aთბილისი :
_bმეცნიერება,
_c1990.
300 _a384 გვ. ;
_c20 სმ.
541 _h13ლ. 80თ.
653 _aსაქართველოს ისტორია : საკითხავი წიგნი
700 _aჯანაშია, ს.
_eშემდგენელი
_926718
700 _aბერძენიშვილი, ნ.
_eშემდგენელი
_926719
700 _aმელიქიშვილი, გიორგი
_eშემდგენელი, რედაქტორი
_926720
942 _cBK
_2udc